Dimensions of Japanese society : gender, margins and mainstream
Αποθηκεύτηκε σε:
| Κύριος συγγραφέας: | |
|---|---|
| Μορφή: | Βιβλίο |
| Γλώσσα: | English |
| Δημοσίευση: |
London :
Macmillan,
c1999.
|
| Θέματα: | |
| Ετικέτες: |
Προσθήκη ετικέτας
Δεν υπάρχουν, Καταχωρήστε ετικέτα πρώτοι!
|
MARC
| LEADER | 00000cam a2200000 i 4500 | ||
|---|---|---|---|
| 001 | 1/285 | ||
| 008 | 000403s1999 enk| ||| |||| ||eng|| | ||
| 020 | |a 0333744780 | ||
| 035 | |l 10059603 | ||
| 040 | |a GR-MyUa |b gre |e AACR2 | ||
| 041 | 0 | |a eng | |
| 082 | 7 | |a 306.0952 |2 (22) | |
| 100 | 1 | |a Henshall, Kenneth G. | |
| 245 | 1 | 0 | |a Dimensions of Japanese society : |b gender, margins and mainstream / |c Kenneth G. Henshall. |
| 260 | |a London : |b Macmillan, |c c1999. | ||
| 300 | |a 249 σ. ; |c 22 εκ. | ||
| 504 | |a Περιλαμβάνει βιβλιογραφικές παραπομπές και ευρετήριο. | ||
| 650 | 0 | 0 | |a Social values |z Japan. |
| 650 | 0 | 0 | |a Marginality, Social |z Japan. |
| 650 | 0 | 0 | |a Sex role |z Japan. |
| 650 | 0 | 0 | |a Minorities |z Japan. |
| 651 | 0 | |a Japan |x Social conditions |y 1945- | |
| 852 | |a INST |b LESVOS |e 20000403 |h 306.0952 HEN |p 005100024496 |q 005100024496 |t BK |y 0 | ||
| 901 | |a BIBL1-2000-2 | ||
| 922 | |a 1ΕΛΗ |b 200003 |c ΚΠΣ/ΤΚΑ |d ΠΑΠΑΣΩΤΗΡΙΟΥ | ||
| 950 | |a 117-1999-11-26 | ||
| 970 | |a ΤΖΑΦΕΡΗ |b ΕΥΑΓΓΕΛΙΑ |z 2000/04/09 | ||